000 00592cam a2200169 4500500
005 20260111080441.0
041 _afre
042 _adc
100 1 0 _aPotteau, Aymeric
_eauthor
245 0 0 _aLa réforme des ressources propres de l’Union européenne
260 _c2020.
500 _a9
690 _abudget de l’Union européenne
690 _aressources propres
786 0 _nGestion & Finances Publiques | 4 | 4 | 2020-09-21 | p. 103-108 | 1969-1009
856 4 1 _uhttps://droit.cairn.info/revue-gestion-et-finances-publiques-2020-4-page-103?lang=fr&redirect-ssocas=7080
999 _c1616312
_d1616312